[Event "Titled Tue 1st Jul Early"]
[Site "chess.com INT"]
[Date "2025.07.01"]
[Round "11"]
[White "Demchenko, Yaroslav"]
[Black "Gonzalez Mojica, Renan Arturo"]
[Result "1-0"]
[WhiteTitle "CM"]
[BlackTitle "FM"]
[WhiteElo "2217"]
[BlackElo "2098"]
[WhiteFideId "14186667"]
[BlackFideId "4482379"]
[EventDate "2025.07.01"]

1. d4 d6 2. Nf3 Nf6 3. Bf4 c5 4. e3 Qb6 5. Nc3 g6 6. Be2 Bg7 7. O-O O-O 8. h3
Bf5 9. Rb1 Nc6 10. a3 cxd4 11. exd4 e5 12. Be3 Qc7 13. Nb5 Qb8 14. Rc1 Nd5 15.
Bg5 h6 16. Be3 Nxe3 17. fxe3 a6 18. Nc3 exd4 19. Nxd4 Nxd4 20. exd4 Qa7 21. Nd5
Qxd4+ 22. Kh1 Rae8 23. Bf3 Qxb2 24. a4 b5 25. axb5 axb5 26. Nc7 Re3 27. Qxd6 Be5
28. Qb6 Rxf3 29. gxf3 Bxh3 30. Rg1 Qc3 31. Rxg6+ fxg6 32. Qxg6+ Bg7 33. Qe4 1-0

[Event "Titled Tue 1st Jul Early"]
[Site "chess.com INT"]
[Date "2025.07.01"]
[Round "11"]
[White "Goryachkina, Aleksandra"]
[Black "Shubenkova, Veronika"]
[Result "1-0"]
[WhiteTitle "GM"]
[BlackTitle "WFM"]
[WhiteElo "2533"]
[BlackElo "2031"]
[WhiteFideId "4147103"]
[BlackFideId "44124040"]
[EventDate "2025.07.01"]

1. e4 e6 2. d4 d5 3. Nc3 Nf6 4. e5 Nfd7 5. f4 c5 6. Nf3 Nc6 7. Be3 a6 8. Qd2 b5
9. Qf2 Qb6 10. Bd3 Bb7 11. O-O cxd4 12. Nxd4 Nxd4 13. Bxd4 Bc5 14. Ne2 Bxd4 15.
Nxd4 O-O 16. Rae1 Rae8 17. c3 f6 18. exf6 Nxf6 19. Nb3 Qxf2+ 20. Rxf2 Ng4 21.
Rff1 e5 22. h3 e4 23. Bxb5 axb5 24. hxg4 Rf6 25. a3 Ref8 26. f5 h5 27. gxh5 Rxf5
28. Nd4 Rxf1+ 29. Rxf1 Rxf1+ 30. Kxf1 Ba6 31. Kf2 Kf7 32. Ke3 Kf6 33. Kf4 Kf7
34. g4 Kf6 35. g5+ Kf7 36. Nf5 Kg8 37. Ke5 d4 38. Kxd4 b4 39. axb4 Bd3 40. c4
Kf7 41. b5 g6 42. hxg6+ Kxg6 43. Ne3 Kxg5 44. b6 1-0

[Event "Titled Tue 1st Jul Early"]
[Site "chess.com INT"]
[Date "2025.07.01"]
[Round "11"]
[White "Negrean, Andrei"]
[Black "Sava, Robert-Gabriel"]
[Result "1-0"]
[WhiteTitle "FM"]
[BlackTitle "CM"]
[WhiteElo "2352"]
[BlackElo "2121"]
[WhiteFideId "1291513"]
[BlackFideId "1265725"]
[EventDate "2025.07.01"]

1. a3 e6 2. Nf3 b6 3. b3 Bb7 4. Bb2 f5 5. c4 Nf6 6. d3 Be7 7. Nbd2 O-O 8. g3 h6
9. Bg2 d6 10. O-O Qc8 11. b4 Nbd7 12. Qb3 Re8 13. Rfe1 Nf8 14. e4 fxe4 15. dxe4
e5 16. Rac1 c5 17. Nh4 Qc7 18. Nf5 Bc8 19. Nf1 Ne6 20. N1e3 Nd4 21. Bxd4 exd4
22. Nxe7+ Qxe7 23. Nd5 Nxd5 24. cxd5 Bd7 25. f4 b5 26. bxc5 dxc5 27. e5 c4 28.
Qf3 Bf5 29. d6 Qf7 30. g4 Bd3 31. f5 Rad8 32. e6 Qf6 33. d7 Re7 34. Qf4 c3 35.
Qc7 Qf8 36. Qc5 Bxf5 37. gxf5 d3 38. Qxc3 d2 39. Qxd2 Qxf5 40. Rc8 Qf8 41. Rxd8
Qxd8 42. Rc1 Rxe6 43. Rc8 1-0

[Event "Titled Tue 1st Jul Early"]
[Site "chess.com INT"]
[Date "2025.07.01"]
[Round "11"]
[White "Fernandez, Maria Florencia"]
[Black "Raptis, Nick"]
[Result "0-1"]
[WhiteTitle "WIM"]
[BlackTitle "FM"]
[WhiteElo "2163"]
[BlackElo "2220"]
[WhiteFideId "116459"]
[BlackFideId "2016850"]
[EventDate "2025.07.01"]

1. d4 Nf6 2. c4 g6 3. Nc3 d6 4. e4 Bg7 5. Be2 O-O 6. Be3 c5 7. Nf3 cxd4 8. Nxd4
Nc6 9. f3 Nxd4 10. Bxd4 Be6 11. O-O Qa5 12. Rc1 Rfc8 13. b3 a6 14. Qd2 b5 15.
cxb5 axb5 16. Rfd1 b4 17. Na4 Nd7 18. Bxg7 Kxg7 19. Qd4+ f6 20. f4 Nc5 21. Bc4
Bxc4 22. Rxc4 Nxa4 23. bxa4 Rxc4 24. Qxc4 Qxa4 25. Rd2 Qa7+ 26. Kf1 Qe3 27. Rf2
Ra3 28. g3 Qd3+ 29. Qxd3 Rxd3 30. Rb2 Rd4 31. Re2 Kf7 32. Kf2 e5 33. Ke3 Rc4 34.
Rb2 Ke6 35. Kd3 Rc3+ 36. Kd2 Ra3 37. Kc1 exf4 38. g4 Rh3 39. Rxb4 Rxh2 40. a4 h5
41. gxh5 Rxh5 42. Kd1 g5 43. Ke2 g4 0-1

[Event "Titled Tue 1st Jul Early"]
[Site "chess.com INT"]
[Date "2025.07.01"]
[Round "11"]
[White "Bilochenko, Matvii"]
[Black "Loftgaard, Mikkel Vinh"]
[Result "1-0"]
[WhiteTitle "CM"]
[BlackTitle "FM"]
[WhiteElo "2005"]
[BlackElo "2281"]
[WhiteFideId "41834062"]
[BlackFideId "1468480"]
[EventDate "2025.07.01"]

1. b3 Nf6 2. Bb2 e6 3. e3 Be7 4. Nf3 O-O 5. Be2 b6 6. O-O Bb7 7. c4 c5 8. d4 d5
9. cxd5 Nxd5 10. Nc3 cxd4 11. Nxd5 Qxd5 12. Qxd4 Qxd4 13. Bxd4 Nc6 14. Bb2 Rfd8
15. Rfd1 Bf6 16. Bxf6 gxf6 17. Kf1 Kf8 18. Rxd8+ Rxd8 19. Rd1 Rc8 20. Rd7 Nd8
21. Ke1 a6 22. Rd6 b5 23. Kd2 Ke7 24. Rd4 Nc6 25. Rh4 Rd8+ 26. Kc1 Rg8 27. g3
Rc8 28. Kb2 Rh8 29. Nd4 Ne5 30. f4 Ng6 31. Rh6 Kf8 32. f5 Kg7 33. Rh5 Nf8 34.
fxe6 fxe6 35. Rc5 Bd5 36. Rc7+ Kh6 37. Ra7 Ng6 38. Rxa6 e5 39. Nf5+ Kg5 40. Nd6
e4 41. Bxb5 Ne5 42. Bc4 Bxc4 43. Nxc4 Ng4 44. h4+ Kf5 45. Ra5+ Ne5 46. Nxe5 fxe5
47. b4 Rg8 48. b5 Rxg3 49. b6 Rg2+ 50. Kc3 Rg6 51. Rb5 Rg8 52. b7 Rb8 53. a4 Kg4
54. a5 Kxh4 55. a6 1-0

[Event "Titled Tue 1st Jul Early"]
[Site "chess.com INT"]
[Date "2025.07.01"]
[Round "11"]
[White "Deac, Bogdan-Daniel"]
[Black "Smirnov, Mark"]
[Result "0-1"]
[WhiteTitle "GM"]
[BlackTitle "FM"]
[WhiteElo "2674"]
[BlackElo "2352"]
[WhiteFideId "1226380"]
[BlackFideId "13764594"]
[EventDate "2025.07.01"]

1. d4 d5 2. c4 c6 3. Nf3 Nf6 4. Nc3 e6 5. Bg5 Nbd7 6. e3 Qa5 7. Nd2 dxc4 8. Bxf6
Nxf6 9. Nxc4 Qc7 10. Rc1 Be7 11. g3 O-O 12. Bg2 Bd7 13. O-O Rfd8 14. a3 a5 15.
Qb3 Ra6 16. Rfd1 a4 17. Qc2 c5 18. Ne5 cxd4 19. exd4 Be8 20. Qe2 Qb6 21. d5 Qa7
22. Ng4 Rb6 23. Rd2 Qa6 24. Nxf6+ Bxf6 25. Qe3 Bxc3 26. Rxc3 Rbd6 27. Rc7 Qb6
28. Rc5 Bc6 29. dxc6 Rxd2 30. c7 Rd1+ 31. Bf1 Rc8 32. Qc3 Qa6 33. Rc4 Rxc7 0-1

[Event "Titled Tue 1st Jul Early"]
[Site "chess.com INT"]
[Date "2025.07.01"]
[Round "11"]
[White "Miserendino, Alfredo"]
[Black "Jakovljevic, Dejan"]
[Result "0-1"]
[BlackTitle "CM"]
[WhiteElo "2032"]
[BlackElo "1956"]
[WhiteFideId "101800"]
[BlackFideId "949418"]
[EventDate "2025.07.01"]

1. e4 e6 2. d4 d5 3. Nc3 Nc6 4. e5 f6 5. exf6 Nxf6 6. Nf3 Bd6 7. Bd3 O-O 8. O-O
e5 9. dxe5 Nxe5 10. Nxe5 Bxe5 11. h3 c6 12. Ne2 Bc7 13. c3 Be6 14. Bf4 Qd7 15.
Bxc7 Qxc7 16. Qc2 Rae8 17. Rae1 g6 18. Nd4 Bc8 19. Qd2 Nh5 20. Qg5 Nf4 21. Rxe8
Rxe8 22. Bc2 Bxh3 23. Bf5 Bxg2 24. Rd1 Re5 25. Qxf4 Re1+ 26. Rxe1 Qxf4 27. Kxg2
gxf5 28. Re8+ Kf7 29. Rf8+ Kg7 30. Rxf5 Qg4+ 31. Kf1 Qd1+ 32. Kg2 Qd2 33. Rf3
Qxb2 34. Nf5+ Kf6 35. a4 Ke5 36. Nd4 Qa1 37. Rf5+ Kd6 38. Rf6+ Ke7 39. Re6+ Kd7
40. Rh6 Qxc3 41. Rxh7+ Kc8 0-1

[Event "Titled Tue 1st Jul Early"]
[Site "chess.com INT"]
[Date "2025.07.01"]
[Round "11"]
[White "Sheehan, Ethan"]
[Black "Ghoreishi Amiri, Seyed Kian"]
[Result "1-0"]
[BlackTitle "CM"]
[WhiteElo "2366"]
[BlackElo "2215"]
[WhiteFideId "30943965"]
[BlackFideId "36757527"]
[EventDate "2025.07.01"]

1. d4 Nf6 2. Nf3 g6 3. c4 Bg7 4. Nc3 d6 5. e4 O-O 6. Be2 Nbd7 7. O-O e5 8. Re1
a5 9. Bf1 Re8 10. b3 exd4 11. Nxd4 Nc5 12. f3 Nfd7 13. Be3 Ne5 14. Qd2 Bd7 15.
Rad1 Ne6 16. Nxe6 fxe6 17. c5 Nf7 18. cxd6 cxd6 19. Nb5 Bf8 20. a4 Bc6 21. Bf4
Qb6+ 22. Kh1 d5 23. Nc7 d4 24. Nxa8 Rxa8 25. Bc4 Bb4 26. Qf2 Bxe1 27. Qxe1 Re8
28. Qg3 Qc5 29. Rc1 Qb4 30. h4 b5 31. Bf1 Bd7 32. Rc7 Rd8 33. h5 Kg7 34. Bxb5
Bxb5 35. hxg6 hxg6 36. Qh4 Rh8 37. Be5+ Kf8 38. Bxh8 Be8 39. Bf6 d3 40. Be7+ Kg7
41. Bxb4 axb4 42. Qe1 1-0

[Event "Titled Tue 1st Jul Early"]
[Site "chess.com INT"]
[Date "2025.07.01"]
[Round "11"]
[White "Ravshanov, Sheralijon"]
[Black "Karvatskyi, Oleksii"]
[Result "0-1"]
[WhiteTitle "CM"]
[BlackTitle "CM"]
[WhiteElo "2156"]
[BlackElo "2258"]
[WhiteFideId "14212170"]
[BlackFideId "14191059"]
[EventDate "2025.07.01"]

1. Nf3 c5 2. d4 cxd4 3. Nxd4 e5 4. Nb3 d5 5. g3 h6 6. Bg2 Nf6 7. O-O Be7 8. c4
dxc4 9. Qxd8+ Bxd8 10. N3d2 Nc6 11. Nxc4 Bc7 12. Nc3 a6 13. Be3 O-O 14. Nb6 Bxb6
15. Bxb6 Re8 16. Rfd1 Be6 17. Rac1 Rac8 18. a3 Bb3 19. Rd6 e4 20. Bh3 Ra8 21.
Nb1 Ne5 22. Nd2 Bd5 23. Bd4 Bc6 24. Nc4 Nxc4 25. Rxc4 Rad8 26. Rxd8 Rxd8 27. e3
Ne8 28. Bf1 Nd6 29. Rc5 f6 30. Bxa6 Kf8 31. Be2 Nf7 32. b4 Ng5 33. b5 Bd5 34.
Rc7 Ne6 35. Rc3 Ra8 36. Bd1 Ke7 37. a4 Kd7 38. Bb6 g5 39. Bg4 Rxa4 40. Rc7+ Kd6
41. Rc1 Rb4 42. Be2 Rb2 43. Bf1 g4 44. Ba7 Ng5 45. Bb8+ Ke6 46. Bf4 Nf3+ 47. Kg2
h5 48. Bc7 h4 49. gxh4 Nxh4+ 0-1

[Event "Titled Tue 1st Jul Early"]
[Site "chess.com INT"]
[Date "2025.07.01"]
[Round "11"]
[White "Karpenko, Anton"]
[Black "Kanyamarala, Trisha"]
[Result "0-1"]
[WhiteTitle "CM"]
[BlackTitle "WIM"]
[WhiteElo "2218"]
[BlackElo "2233"]
[WhiteFideId "34374353"]
[BlackFideId "45004722"]
[EventDate "2025.07.01"]

1. e4 c5 2. Nf3 Nc6 3. d4 cxd4 4. Nxd4 e5 5. Nb5 d6 6. N1c3 a6 7. Na3 b5 8. Nd5
Nf6 9. Bg5 Be7 10. Bxf6 Bxf6 11. c3 O-O 12. Nc2 Rb8 13. a4 bxa4 14. Ra2 Be6 15.
Be2 Bxd5 16. Qxd5 Ne7 17. Qd2 d5 18. exd5 Qxd5 19. Qxd5 Nxd5 20. O-O Rb6 21. Na3
Nf4 22. Bd1 Nd3 23. Nc4 Rc6 24. Rxa4 Rb8 25. b3 e4 26. Na5 Rxc3 27. Rxe4 Nc5 28.
Rc4 Rd8 29. Bf3 g6 30. Rxc5 Rxc5 31. Nb7 Rdc8 32. Nxc5 Rxc5 33. Be2 a5 34. Rd1
Rc2 35. Kf1 Bg5 36. Bb5 Rc1 37. Rxc1 Bxc1 38. Ke2 Ba3 39. Kd3 Bb4 40. Bc4 Kg7
41. Ke4 f5+ 42. Ke5 Be1 43. f4 Bf2 44. h3 Bg3 45. Bd3 Kf7 0-1

[Event "Titled Tue 1st Jul Early"]
[Site "chess.com INT"]
[Date "2025.07.01"]
[Round "11"]
[White "Rubio, Lloyd"]
[Black "Sydoryka, Vladyslav"]
[Result "0-1"]
[BlackTitle "FM"]
[WhiteElo "2167"]
[BlackElo "2246"]
[WhiteFideId "5210453"]
[BlackFideId "14145928"]
[EventDate "2025.07.01"]

1. d4 Nf6 2. c4 c5 3. d5 b5 4. Qc2 e6 5. e4 bxc4 6. Bxc4 exd5 7. exd5 Bd6 8. h3
O-O 9. Ne2 Na6 10. a3 Nc7 11. Nbc3 h6 12. O-O Re8 13. Ng3 Be5 14. d6 Bxd6 15.
Nf5 Bf8 16. Nxh6+ gxh6 17. Qg6+ Kh8 18. Bxf7 Ba6 19. Bxh6 Bxh6 20. Qxh6+ Nh7 21.
Rfe1 Rxe1+ 22. Rxe1 Qf6 23. Bg6 Qg7 24. Qh5 Ne6 25. Nd5 Rf8 26. Ne3 Bb7 27. g3
Nd8 28. Nf5 Qg8 29. Re7 Nf7 30. Nd6 Re8 31. Rxf7 Re1+ 32. Kh2 Rh1# 0-1

[Event "Titled Tue 1st Jul Early"]
[Site "chess.com INT"]
[Date "2025.07.01"]
[Round "11"]
[White "Motola, Jacopo"]
[Black "Jiganchine, Roman"]
[Result "1-0"]
[WhiteTitle "FM"]
[BlackTitle "CM"]
[WhiteElo "2333"]
[BlackElo "2205"]
[WhiteFideId "863190"]
[BlackFideId "2603667"]
[EventDate "2025.07.01"]

1. d4 d5 2. c4 e6 3. Nf3 Nf6 4. g3 c5 5. cxd5 exd5 6. Bg2 Nc6 7. O-O cxd4 8.
Nxd4 Bc5 9. Nb3 Bb6 10. Bg5 O-O 11. Nc3 d4 12. Na4 Re8 13. Re1 h6 14. Nxb6 axb6
15. Bxf6 Qxf6 16. Bxc6 bxc6 17. Qxd4 Be6 18. Qxf6 gxf6 19. Nd4 Bd5 20. a3 c5 21.
Nf5 Be6 22. Ne3 Red8 23. Red1 Bb3 24. Rxd8+ Rxd8 25. a4 Rd2 26. a5 bxa5 27. Rxa5
c4 28. Ng4 Rxe2 29. Nxf6+ Kg7 30. Nh5+ Kh7 31. Ra7 Rxb2 32. Rc7 Rc2 33. Nf6+ Kg6
34. Nd5 Rd2 35. Ne3 Rd3 36. Nxc4 Bxc4 37. Rxc4 h5 38. Kg2 f6 39. Kh3 Rd5 40. Rc8
Rd2 41. f4 Rd4 42. Kh4 Rd5 43. Rg8+ Kh6 44. h3 Rc5 45. Rh8+ Kg6 46. g4 hxg4 47.
hxg4 Kg7 48. Ra8 Rc1 49. Ra7+ Kg6 50. f5+ Kh6 51. Rf7 Rh1+ 52. Kg3 Kg5 53. Rg7+
Kh6 54. Rg6+ Kh7 55. Rxf6 Rg1+ 56. Kf4 Rf1+ 57. Kg5 Rh1 58. Ra6 Rc1 59. Ra7+ Kg8
60. Kg6 1-0

[Event "Titled Tue 1st Jul Early"]
[Site "chess.com INT"]
[Date "2025.07.01"]
[Round "11"]
[White "Alonso Rosell, Alvar"]
[Black "Souleidis, Georgios"]
[Result "1-0"]
[WhiteTitle "GM"]
[BlackTitle "IM"]
[WhiteElo "2536"]
[BlackElo "2418"]
[WhiteFideId "2270544"]
[BlackFideId "4206827"]
[EventDate "2025.07.01"]

1. e4 c5 2. a4 e6 3. Na3 Nc6 4. Bb5 Nge7 5. Nf3 a6 6. Bxc6 Nxc6 7. O-O Be7 8. d4
cxd4 9. Nxd4 Qc7 10. Be3 O-O 11. Nc4 d5 12. exd5 exd5 13. Nd2 Nxd4 14. Bxd4 Bf5
15. c3 Bd6 16. h3 Rfe8 17. Qh5 Qd7 18. Rfe1 Bg6 19. Qf3 h6 20. a5 Bc7 21. b4 Qd6
22. Nf1 Rad8 23. Ng3 Qd7 24. Rad1 Bc2 25. Rc1 Bg6 26. Re3 Rxe3 27. Bxe3 Bxg3 28.
Qxg3 Qe6 29. Rd1 Rd7 30. Rd4 Kh7 31. Rg4 Qd6 32. Bf4 Qe6 33. Be5 Re7 34. Bd4
Qe1+ 35. Kh2 Qe6 36. h4 h5 37. Rg5 Rd7 38. Rxh5+ Kg8 39. Rg5 Qd6 40. Be5 Qf8 41.
h5 f6 42. Rxg6 fxe5 43. Qxe5 Qxf2 44. Qe8+ Kh7 45. Qxd7 Qf4+ 46. Rg3 1-0

[Event "Titled Tue 1st Jul Early"]
[Site "chess.com INT"]
[Date "2025.07.01"]
[Round "11"]
[White "Duarte Cramer, Lily Jeanette"]
[Black "Brenke, Andreas"]
[Result "0-1"]
[WhiteTitle "WCM"]
[BlackTitle "FM"]
[WhiteElo "1828"]
[BlackElo "2349"]
[WhiteFideId "29620180"]
[BlackFideId "4602900"]
[EventDate "2025.07.01"]

1. d4 d5 2. c4 c6 3. cxd5 cxd5 4. Nc3 Nf6 5. Nf3 Nc6 6. Bf4 e6 7. e3 Be7 8. Bd3
O-O 9. a3 Bd7 10. O-O Nh5 11. Ne5 Nxf4 12. Nxc6 bxc6 13. exf4 c5 14. dxc5 Bxc5
15. Rc1 Rc8 16. Qf3 a5 17. f5 Qf6 18. Qh3 h6 19. Qg3 Rfd8 20. fxe6 Bxe6 21. Rfe1
Bd4 22. Ba6 Rb8 23. Re2 Bf5 24. Bd3 Be6 25. Rec2 Bxc3 26. bxc3 Rb3 27. a4 Rc8
28. Bb5 Bf5 29. Rd2 Rbxc3 30. Rxc3 Rxc3 31. Qb8+ Rc8 32. Qb7 Rc1+ 33. Bf1 Qa1
34. Qb5 d4 35. g4 Bxg4 36. Kg2 Be6 37. Qd3 Rc4 38. Qxc4 Bxc4 39. Bxc4 Qxa4 40.
Bd3 Qc6+ 0-1

[Event "Titled Tue 1st Jul Early"]
[Site "chess.com INT"]
[Date "2025.07.01"]
[Round "11"]
[White "Keatinge-Clay, Adrian"]
[Black "Khandhadia, Nivaan Rathin"]
[Result "1-0"]
[WhiteTitle "FM"]
[BlackTitle "CM"]
[WhiteElo "2232"]
[BlackElo "2112"]
[WhiteFideId "2011867"]
[BlackFideId "25753274"]
[EventDate "2025.07.01"]

1. d4 d5 2. c4 e6 3. Nc3 Nf6 4. Bg5 Be7 5. Nf3 h6 6. Bh4 O-O 7. e3 b6 8. cxd5
Nxd5 9. Bxe7 Qxe7 10. Nxd5 exd5 11. Be2 Bb7 12. O-O c5 13. dxc5 bxc5 14. Qb3 Rd8
15. Rfd1 Nc6 16. Rxd5 Rxd5 17. Qxd5 Nd4 18. Qc4 Nxf3+ 19. gxf3 Qg5+ 20. Qg4 Qe5
21. Rb1 Rd8 22. b4 Rd6 23. bxc5 Rg6 24. Rxb7 Rxg4+ 25. fxg4 Qxc5 26. Bf3 g6 27.
Rd7 Qc8 28. Rxa7 Qc5 29. Rd7 Qc1+ 30. Kg2 Qc8 31. Rd6 Qc5 32. Rd8+ Kg7 33. Bd5
Qa5 34. Rd7 Qb5 35. Rxf7+ Kh8 36. e4 Qe8 37. Ra7 Qe5 38. a4 Qd6 39. h3 Qf4 40.
a5 Qc7 41. Rxc7 1-0

[Event "Titled Tue 1st Jul Early"]
[Site "chess.com INT"]
[Date "2025.07.01"]
[Round "11"]
[White "Pribelszky, Bence"]
[Black "Smieszek, Wojciech"]
[Result "1/2-1/2"]
[WhiteTitle "IM"]
[BlackTitle "CM"]
[WhiteElo "2401"]
[BlackElo "2141"]
[WhiteFideId "769738"]
[BlackFideId "1156047"]
[EventDate "2025.07.01"]

1. e4 c5 2. Nf3 g6 3. h4 h5 4. c4 Bg7 5. d4 cxd4 6. Nxd4 Nc6 7. Be3 Nf6 8. Nc3
d6 9. f3 O-O 10. Qd2 Qa5 11. O-O-O Nxd4 12. Bxd4 Be6 13. Kb1 Rfc8 14. Bxf6 Bxf6
15. Nd5 Qxd2 16. Nxf6+ Kg7 17. Nxh5+ gxh5 18. Rxd2 Bxc4 19. Bxc4 Rxc4 20. Rc1
Rac8 21. Rdc2 b5 22. Rxc4 bxc4 23. b3 c3 24. Kc2 Kf6 25. Kd3 Rg8 26. Rc2 Ke5 27.
Ke3 f5 28. exf5 Kxf5 29. b4 e5 30. Kd3 d5 31. Kxc3 Kf4 32. b5 e4 33. Kd4 e3 34.
a4 Rb8 35. Re2 Re8 36. a5 Re7 37. Kxd5 Rd7+ 38. Kc6 Rd2 39. Re1 Rxg2 40. b6 axb6
41. axb6 Kxf3 42. b7 Rb2 43. Kc7 Kf2 44. Rc1 e2 45. b8=Q Rxb8 46. Kxb8 e1=Q 47.
Rxe1 Kxe1 48. Kc7 Kf2 49. Kd6 Kg3 50. Ke5 Kxh4 51. Kf4 Kh3 52. Kf3 Kh2 53. Kf2
h4 54. Kf1 Kg3 55. Kg1 h3 56. Kh1 h2 1/2-1/2

[Event "Titled Tue 1st Jul Early"]
[Site "chess.com INT"]
[Date "2025.07.01"]
[Round "11"]
[White "Bukreev, Stanislav"]
[Black "Volovich, Vasily"]
[Result "0-1"]
[WhiteTitle "FM"]
[BlackTitle "FM"]
[WhiteElo "2305"]
[BlackElo "2177"]
[WhiteFideId "34252347"]
[BlackFideId "34169676"]
[EventDate "2025.07.01"]

1. d4 e6 2. c4 Nf6 3. Nf3 d5 4. Nc3 Bb4 5. Qb3 Bxc3+ 6. Qxc3 O-O 7. Bg5 c6 8. e3
h6 9. Bh4 g5 10. Bg3 Ne4 11. Qa3 a5 12. Bd3 Na6 13. Bxe4 dxe4 14. Nd2 Nb4 15.
O-O-O f5 16. h4 g4 17. f3 b5 18. Bf4 bxc4 19. Bxh6 Rb8 20. b3 Ba6 21. Bxf8 Qxf8
22. Kb1 c3 23. Qxa5 Bd3+ 24. Ka1 Ra8 25. Qxa8 Qxa8 26. a4 cxd2 27. Rxd2 Qa5 28.
Rdd1 Nd5 29. Rc1 Nxe3 30. fxe4 Bxe4 31. h5 Qd2 32. h6 Qxd4+ 33. Ka2 Qd2+ 34. Ka3
Nc2+ 35. Kb2 Nb4+ 36. Ka3 Nc2+ 37. Kb2 Kh7 38. Rcd1 Qxg2 39. Rd7+ Kg6 40. Rh4
Nb4+ 41. Kc3 Na2+ 42. Kd4 Qd2+ 43. Ke5 Qxd7 44. h7 Qxh7 45. Rxh7 Kxh7 46. a5 Nb4
47. Kd6 Na6 48. Kd7 g3 49. Kc8 g2 50. Kb7 Bd3 51. Kxc6 g1=Q 52. b4 Qd4 53. b5
Qc4+ 54. Kb7 Qxb5+ 55. Ka8 Qxa5 56. Kb7 Qb5+ 57. Kc8 Qb8+ 58. Kd7 Qc7+ 59. Kxe6
f4 60. Kf6 f3 61. Kg5 f2 62. Kg4 f1=Q 63. Kh5 Qe5+ 64. Kg4 Qef4+ 65. Kh5 Qh3# 0-1

[Event "Titled Tue 1st Jul Early"]
[Site "chess.com INT"]
[Date "2025.07.01"]
[Round "11"]
[White "Vetokhin, Savva"]
[Black "Niemann, Hans Moke"]
[Result "1-0"]
[WhiteTitle "GM"]
[BlackTitle "GM"]
[WhiteElo "2569"]
[BlackElo "2736"]
[WhiteFideId "44144474"]
[BlackFideId "2093596"]
[EventDate "2025.07.01"]

1. d4 Nf6 2. c4 e6 3. Nc3 Bb4 4. e3 O-O 5. Bd3 d5 6. a3 dxc4 7. Bxc4 Bd6 8. Nf3
Nc6 9. e4 e5 10. d5 Ne7 11. O-O a6 12. h3 Ng6 13. Re1 h6 14. Be3 Bd7 15. Rc1 Nh5
16. Bf1 Ngf4 17. Nd2 g5 18. Nc4 Ng7 19. Nxd6 cxd6 20. Kh2 f5 21. g3 Ng6 22. exf5
Nxf5 23. Ne4 Rf7 24. Bg2 Kg7 25. Qd2 Nxe3 26. Rxe3 Bf5 27. Kg1 Qb6 28. Qb4 Qxb4
29. axb4 Bxe4 30. Bxe4 Nf8 31. Rec3 Re8 32. Kg2 Nd7 33. Rc7 Nf6 34. Rxf7+ Kxf7
35. Kf3 Rd8 36. Rc7+ Rd7 37. Rc8 Kg7 38. Bf5 Rf7 39. Be6 Rf8 40. Rc7+ Kg6 41.
Ke3 Rb8 42. f3 h5 43. g4 Kh6 44. Kd3 b6 45. Bf5 Rf8 46. Rb7 Rh8 47. Rxb6 Rd8 48.
Rb7 Rh8 49. Kc4 h4 50. Ra7 Re8 51. Rf7 1-0

[Event "Titled Tue 1st Jul Early"]
[Site "chess.com INT"]
[Date "2025.07.01"]
[Round "11"]
[White "Klukin, Kirill"]
[Black "Arslanov, Shamil"]
[Result "0-1"]
[WhiteTitle "IM"]
[BlackTitle "IM"]
[WhiteElo "2401"]
[BlackElo "2410"]
[WhiteFideId "24199273"]
[BlackFideId "4192826"]
[EventDate "2025.07.01"]

1. d4 e5 2. dxe5 d6 3. Nf3 Nc6 4. Bg5 Qd7 5. exd6 Bxd6 6. Nc3 f6 7. Bh4 Qf7 8.
e3 Bg4 9. Bb5 Ne7 10. h3 Bh5 11. Qe2 O-O-O 12. g4 Bg6 13. Bc4 Qe8 14. O-O-O Ne5
15. Be6+ Kb8 16. Nxe5 Bxe5 17. Rxd8+ Qxd8 18. Rd1 Qe8 19. Qc4 Nc8 20. f4 Nd6 21.
Qb3 Bxc3 22. bxc3 Bf7 23. Rxd6 cxd6 24. Bxf7 Qxe3+ 25. Kb2 Rc8 26. Bd5 b6 27. c4
Qxf4 28. Bg3 Qd4+ 29. Qc3 Qc5 30. a3 a5 31. Qd3 Ka7 32. Qxh7 b5 33. Qxg7+ Rc7
34. Qf8 bxc4 35. Qa8+ Kb6 36. Qb8+ Ka6 37. Bf2 c3+ 38. Kb1 Qxd5 39. Qxc7 Qd1+
40. Ka2 Qxc2+ 41. Ka1 Qb2# 0-1

[Event "Titled Tue 1st Jul Early"]
[Site "chess.com INT"]
[Date "2025.07.01"]
[Round "11"]
[White "Foldes, Marton Gabor"]
[Black "Hayrapetyan, Edgar"]
[Result "0-1"]
[WhiteTitle "FM"]
[BlackTitle "FM"]
[WhiteElo "2295"]
[BlackElo "2161"]
[WhiteFideId "794708"]
[BlackFideId "13313568"]
[EventDate "2025.07.01"]

1. Nf3 e6 2. g3 d6 3. Bg2 g6 4. O-O Bg7 5. c4 Ne7 6. Nc3 O-O 7. d4 Nbc6 8. b3 e5
9. dxe5 dxe5 10. Nd2 Be6 11. Bb2 Qd7 12. Nde4 Qxd1 13. Rfxd1 Rad8 14. Nc5 Bc8
15. Nd5 Nxd5 16. Bxd5 Nd4 17. e3 c6 18. exd4 cxd5 19. dxe5 dxc4 20. bxc4 Bg4 21.
Rd5 b6 22. Nb3 Be6 23. Rxd8 Rxd8 24. Rc1 Bf8 25. Nd4 Bh3 26. Nb3 h5 27. f3 Bh6
28. f4 Bf8 29. Kf2 Be6 30. Ke3 a5 31. Bd4 a4 32. Nd2 Bb4 33. Ne4 Rb8 34. Rb1 Ba5
35. Nd6 h4 36. a3 h3 37. c5 b5 38. Rxb5 Rxb5 39. Nxb5 g5 40. fxg5 Bd5 41. Bc3
Bd8 42. Kd4 Bb7 43. Nd6 Bc6 44. Bd2 Kg7 45. Bf4 Kg6 46. Nc4 Bc7 47. Ne3 Ba5 48.
Nc4 Be1 49. Ne3 Bf2 50. Kd3 Bg1 51. g4 Bb5+ 52. Ke4 Bf2 53. Nf5 Bc6+ 54. Kd3 Bf3
55. Nh4+ Bxh4 56. Ke3 Bc6 0-1

[Event "Titled Tue 1st Jul Early"]
[Site "chess.com INT"]
[Date "2025.07.01"]
[Round "11"]
[White "Dovgaliuk, Oleksandr"]
[Black "Lee, Qing Aun"]
[Result "1-0"]
[BlackTitle "FM"]
[WhiteElo "2174"]
[BlackElo "2280"]
[WhiteFideId "14167247"]
[BlackFideId "5804167"]
[EventDate "2025.07.01"]

1. e4 e6 2. d4 d5 3. Bd3 Nc6 4. c3 Nf6 5. e5 Nd7 6. f4 b6 7. Nf3 Bb7 8. f5 exf5
9. Bxf5 g6 10. Bh3 Be7 11. Bh6 Nf8 12. Bg7 Rg8 13. Bxf8 Rxf8 14. O-O Bc8 15. Qa4
Bd7 16. Bxd7+ Qxd7 17. Qa6 Nd8 18. Nbd2 Ne6 19. a4 Qc8 20. Qd3 Nf4 21. Qe3 Qg4
22. g3 Ne6 23. Kg2 Ng5 24. Nxg5 Bxg5 25. Qf3 Qe6 26. Nb3 h5 27. a5 O-O-O 28.
axb6 axb6 29. Qd3 Qc6 30. Qa6+ Kd7 31. Qd3 Be7 32. Nd2 h4 33. g4 Qe6 34. h3 f6
35. exf6 Rxf6 36. Nf3 Bd6 37. Qb5+ c6 38. Ra7+ Bc7 39. Qxb6 Qe2+ 40. Rf2 1-0